000 00426nam a2200157Ia 4500
005 20250528032912.0
008 240331s9999 xx 000 0 und d
020 _a9555800251
082 _bPER
_a303
100 _aPerera,S
245 0 _aWiwaharika buddiye viyogaya
260 _aColombo
_bICES
_c1997
300 _a182 p .,
500 _aA Commentary on several Social, Cultural and political trends in Sri Lanka
942 _cL
999 _c5030
_d5030